Statistics for Countries by First and Last Two Letters in Five Minutes

Click here to take the quiz!

General Stats

  • This quiz has been taken 44,896 times
  • The average score is 338 of 392

Answers on the Map

Answers color-coded by a green-red scale on the quiz's map according to % correct below.
 

Answer Stats

Country% Correct
Cambodia
98%
Cameroon
98%
Canada
98%
Cape Verde
98%
Costa Rica
98%
Democratic Republic
of the Congo
98%
Dominica
98%
Jamaica
98%
Myanmar
98%
North Macedonia
98%
Republic of the Congo
98%
South Africa
98%
Bahrain
97%
Benin
97%
Chad
97%
Chile
97%
China
97%
Colombia
97%
Comoros
97%
Costa Rica
97%
Cote d'Ivoire
97%
Eswatini
97%
India
97%
Indonesia
97%
Liechtenstein
97%
Mexico
97%
Monaco
97%
Morocco
97%
Nauru
97%
Peru
97%
Russia
97%
Spain
97%
United Arab Emirates
97%
United Kingdom
97%
United States
97%
Afghanistan
96%
Albania
96%
Algeria
96%
Andorra
96%
Angola
96%
Antigua and Barbuda
96%
Argentina
96%
Armenia
96%
Azerbaijan
96%
Bhutan
96%
Bosnia and
Herzegovina
96%
Botswana
96%
China
96%
Ghana
96%
Guyana
96%
Iran
96%
Japan
96%
Jordan
96%
Kazakhstan
96%
Kyrgyzstan
96%
Madagascar
96%
Malawi
96%
Malaysia
96%
Maldives
96%
Mali
96%
Malta
96%
Marshall Islands
96%
Mauritania
96%
Mauritius
96%
Moldova
96%
Monaco
96%
Mongolia
96%
Montenegro
96%
Morocco
96%
Mozambique
96%
Namibia
96%
Nauru
96%
Nepal
96%
Oman
96%
Pakistan
96%
Panama
96%
Portugal
96%
Qatar
96%
Senegal
96%
South Sudan
96%
Sudan
96%
Taiwan
96%
Tajikistan
96%
Turkmenistan
96%
Uzbekistan
96%
Brazil
95%
Brunei
95%
Burkina Faso
95%
Mexico
95%
Pakistan
95%
Palau
95%
Panama
95%
Papua New Guinea
95%
Paraguay
95%
Solomon Islands
95%
Somalia
95%
South Africa
95%
South Korea
95%
South Sudan
95%
Suriname
95%
Albania
94%
Algeria
94%
Angola
94%
Armenia
94%
Australia
94%
Austria
94%
Bolivia
94%
Bulgaria
94%
Cambodia
94%
Colombia
94%
Croatia
94%
Estonia
94%
Ethiopia
94%
Federated States of
Micronesia
94%
Gambia
94%
Georgia
94%
Guatemala
94%
Guinea-Bissau
94%
India
94%
Indonesia
94%
Laos
94%
Latvia
94%
Liberia
94%
Lithuania
94%
Malaysia
94%
Maldives
94%
Mauritania
94%
Mongolia
94%
Namibia
94%
Nepal
94%
Netherlands
94%
New Zealand
94%
Nigeria
94%
North Korea
94%
North Macedonia
94%
Norway
94%
Palau
94%
Philippines
94%
Romania
94%
Russia
94%
Saint Kitts and Nevis
94%
Saint Lucia
94%
Saint Vincent and the
Grenadines
94%
Samoa
94%
San Marino
94%
São Tomé and Príncipe
94%
Saudi Arabia
94%
Serbia
94%
Seychelles
94%
Sierra Leone
94%
Slovakia
94%
Slovenia
94%
Somalia
94%
Syria
94%
Tanzania
94%
Tunisia
94%
Ukraine
94%
United Arab Emirates
94%
United States
94%
Venezuela
94%
Zambia
94%
Antigua and Barbuda
93%
Canada
93%
Cape Verde
93%
Denmark
93%
France
93%
Grenada
93%
Iran
93%
Iraq
93%
Ireland
93%
Oman
93%
Poland
93%
Portugal
93%
Rwanda
93%
Uganda
93%
United Kingdom
93%
Central African Republic
92%
Chile
92%
Czech Republic
92%
Dominican Republic
92%
Fiji
92%
Finland
92%
France
92%
Greece
92%
Iceland
92%
Ireland
92%
Lebanon
92%
Lesotho
92%
Liberia
92%
Libya
92%
Liechtenstein
92%
Lithuania
92%
Mali
92%
New Zealand
92%
Poland
92%
Sweden
92%
Switzerland
92%
Thailand
92%
Tunisia
92%
Turkey
92%
Turkmenistan
92%
Tuvalu
92%
Vanuatu
92%
Bolivia
91%
Bosnia and
Herzegovina
91%
Botswana
91%
Jamaica
91%
Japan
91%
Kazakhstan
91%
Norway
91%
Paraguay
91%
Spain
91%
Sri Lanka
91%
Uruguay
91%
Belarus
90%
Belgium
90%
Belize
90%
Benin
90%
Brazil
90%
Italy
90%
Kuwait
90%
Sweden
90%
Yemen
90%
Bahamas
89%
Bahrain
89%
Bangladesh
89%
Barbados
89%
Cuba
89%
Georgia
89%
Germany
89%
Peru
89%
São Tomé and Príncipe
89%
Sudan
89%
Suriname
89%
Egypt
88%
Malta
88%
Myanmar
88%
Nicaragua
88%
Niger
88%
Nigeria
88%
Taiwan
88%
Tajikistan
88%
Tanzania
88%
East Timor
87%
Equatorial Guinea
87%
Eritrea
87%
Guinea
87%
North Korea
87%
Papua New Guinea
87%
South Korea
87%
Denmark
86%
Guatemala
85%
Guinea
85%
Guinea-Bissau
85%
Guyana
85%
Italy
85%
Venezuela
84%
Egypt
83%
Kenya
83%
Libya
83%
Belarus
82%
Cyprus
82%
Germany
82%
Mauritius
82%
Ukraine
82%
Cuba
81%
Democratic Republic
of the Congo
81%
Republic of the Congo
81%
Senegal
81%
Serbia
81%
Seychelles
81%
Togo
81%
Trinidad and Tobago
81%
Uruguay
81%
Eritrea
80%
Niger
80%
Thailand
80%
Turkey
80%
Bulgaria
79%
Burkina Faso
79%
Burundi
79%
Vietnam
79%
Afghanistan
78%
Djibouti
78%
Haiti
78%
Honduras
78%
Kiribati
78%
Lesotho
78%
Vietnam
78%
Greece
77%
Grenada
77%
Yemen
77%
Barbados
76%
Comoros
76%
Ecuador
76%
Ethiopia
76%
Laos
76%
Marshall Islands
76%
Netherlands
76%
Philippines
76%
Solomon Islands
76%
Bahamas
75%
East Timor
75%
Ecuador
75%
El Salvador
75%
Honduras
75%
Kyrgyzstan
75%
Uzbekistan
75%
El Salvador
73%
Israel
73%
Montenegro
73%
Romania
73%
Zambia
73%
Chad
72%
Dominica
72%
Dominican Republic
72%
Gabon
72%
Gambia
72%
Haiti
72%
Moldova
72%
Togo
72%
Tonga
72%
Vanuatu
72%
Vatican City
72%
Cote d'Ivoire
71%
Kenya
70%
Kiribati
69%
Nicaragua
69%
Zimbabwe
69%
Iraq
68%
Israel
68%
Saint Kitts and Nevis
68%
Syria
68%
Hungary
67%
Cameroon
66%
Croatia
66%
Gabon
66%
Ghana
66%
Lebanon
66%
Mozambique
66%
Slovakia
66%
Slovenia
66%
Sri Lanka
66%
Belgium
65%
Czech Republic
64%
Jordan
64%
Luxembourg
64%
Sierra Leone
64%
Singapore
64%
Tuvalu
64%
Federated States of
Micronesia
62%
Zimbabwe
62%
Azerbaijan
61%
Bhutan
61%
Hungary
60%
Bangladesh
59%
Uganda
59%
Belize
58%
Kosovo
58%
Malawi
58%
Rwanda
56%
Equatorial Guinea
54%
Djibouti
53%
Fiji
53%
Kuwait
53%
Qatar
53%
Cyprus
52%
Burundi
51%
Kosovo
50%
Samoa
48%
Luxembourg
45%
Singapore
44%
Trinidad and Tobago
41%
Andorra
37%
Vatican City
31%
Brunei
27%

Score Distribution

Percentile by Number Answered

Percent of People with Each Score

Your Score History

You have not taken this quiz